Bubba the cowboy prince : (Record no. 4080)

MARC details
000 -LEADER
fixed length control field 01156cam a2200349 a 4500
001 - CONTROL NUMBER
control field 4080
003 - CONTROL NUMBER IDENTIFIER
control field FISKH
005 - DATE AND TIME OF LATEST TRANSACTION
control field 20240607100639.0
008 - FIXED-LENGTH DATA ELEMENTS--GENERAL INFORMATION
fixed length control field 961224s1997 nyua b 000 1 eng
010 ## - LIBRARY OF CONGRESS CONTROL NUMBER
LC control number 96054639
020 ## - INTERNATIONAL STANDARD BOOK NUMBER
International Standard Book Number 0590255061
020 ## - INTERNATIONAL STANDARD BOOK NUMBER
International Standard Book Number 9780590255066
040 ## - CATALOGING SOURCE
Original cataloging agency DLC
Transcribing agency DLC
Modifying agency DLC
042 ## - AUTHENTICATION CODE
Authentication code lcac
050 00 - LIBRARY OF CONGRESS CALL NUMBER
Classification number PZ7.K494
Item number Bu 1997
082 00 - DEWEY DECIMAL CLASSIFICATION NUMBER
Classification number 398.2978
Edition number 21
100 1# - MAIN ENTRY--PERSONAL NAME
Personal name Ketteman, Helen.
245 10 - TITLE STATEMENT
Title Bubba the cowboy prince :
Remainder of title a fractured Texas tale /
Statement of responsibility, etc. Helen Ketteman ; illustrated by James Warhola.
260 ## - PUBLICATION, DISTRIBUTION, ETC.
Place of publication, distribution, etc. New York :
Name of publisher, distributor, etc. Scholastic,
Date of publication, distribution, etc. 1997.
300 ## - PHYSICAL DESCRIPTION
Extent 32 unnumbered pages :
Other physical details color illustrations ;
Dimensions 24 x 26 cm.
505 ## - FORMATTED CONTENTS NOTE
Formatted contents note J<br/>
520 ## - SUMMARY, ETC.
Summary, etc. Loosely based on "Cinderella," this story is set in Texas, the fairy godmother is a cow, and the hero, named Bubba, is the stepson of a wicked rancher.
521 8# - TARGET AUDIENCE NOTE
Target audience note 500<br/>
Source Lexile estimate <br/>
521 8# - TARGET AUDIENCE NOTE
Target audience note J<br/>
Source Raz-Plus <br/>
650 #1 - SUBJECT ADDED ENTRY--TOPICAL TERM
Topical term or geographic name entry element Humorous stories.
650 #1 - SUBJECT ADDED ENTRY--TOPICAL TERM
Topical term or geographic name entry element Cowboys
General subdivision Fiction.
651 #1 - SUBJECT ADDED ENTRY--GEOGRAPHIC NAME
Geographic name Texas
General subdivision Fiction.
700 1# - ADDED ENTRY--PERSONAL NAME
Personal name Warhola, James,
Relator term illustrator
906 ## - LOCAL DATA ELEMENT F, LDF (RLIN)
a 7
b cbc
c orignew
d 1
e ocip
f 19
g y-gencatlg
942 ## - ADDED ENTRY ELEMENTS (KOHA)
Source of classification or shelving scheme Dewey Decimal Classification
Koha item type Books
Suppress in OPAC No
Holdings
Withdrawn status Lost status Source of classification or shelving scheme Damaged status Not for loan Collection Home library Current library Shelving location Date acquired Total Checkouts Full call number Barcode Date last seen Date last checked out Price effective from Koha item type
    Dewey Decimal Classification     Fiction Footprints International School Library Network Toul Kork Campus Footprints International School Library Network Toul Kork Campus TK Primary Library Room(4th Floor), Bookcase 1&2, Shelves 1-16, Dark Blue Books 06/05/2024 4 KET 398.2978 PZ7.K494 FISTK01441 09/04/2025 08/14/2025 06/05/2024 Books